000 00375 a2200145 4500
001 63017
040 _cAnchieta - Pituba
100 _aAZEVEDO, Shirley Bomfim
240 1 0 _a2ª Avaliação de Língua Portuguesa, I Unidade
_lpor
245 1 0 _a2ª Avaliação de Língua Portuguesa, I Unidade
300 _a8
362 0 _a2017
650 4 _aLíngua portuguesa
942 _cBK
999 _c63017
_d63017